Statistics for Every Tool on ARK: Survival Evolved

Click here to take the quiz!

General Stats

  • This quiz has been taken 49 times
  • The average score is 7 of 27

Answer Stats

Tool% Correct
Metal Pick
95%
Stone Pick
93%
Stone Hatchet
89%
Metal Hatchet
86%
Torch
43%
Metal Sickle
36%
Spyglass
18%
Cryopod
16%
Magnifying Glass
16%
Paintbrush
16%
Scissors
16%
Canteen
14%
GPS
14%
Compass
11%
Parachute
11%
Spray Painter
11%
Water Jar
11%
Waterskin
11%
Blood Extraction Syringe
9%
Camera
9%
Fishing Rod
9%
Flare Gun
9%
Note
9%
Radio
9%
Soap
9%
Transponder Node
9%
Transponder Tracker
9%

Score Distribution

Percentile by Number Answered

Percent of People with Each Score

Your Score History

You have not taken this quiz